000 nam a22 7a 4500
999 _c10490
_d10490
008 180217b ||||| |||| 00| 0 eng d
100 _aTiwar, S K
_96409
245 _aSocial science history- VII
260 _aNew Delhi
_bWow books Publication
_c2013